000 00669nam a2200229Ia 4500
999 _c35257
_d35257
001 1106
003 GE_BSU
005 20210929134746.0
008 181216s2007||||ru |||||||||||||| ||rus||
020 _a9785957603214
040 _cGE_BSU
041 _arus
080 _a811.161.1(075.8) Х-12
100 _aХавронина, С.А.
_912574
245 _aГоворите по - русски /
_cС.А. Хавронина.
250 _a15-е изд-е
264 _aМосква :
_bРусский Язык-Медиа,
_c2007.
300 _a316 стр.
653 _aГоворите по -русски
653 _aРусский язык
942 _cBK
_2udc